00629nam a2200205Ia 4500008004100000100001600041245004800057245001600105260001300121260000900134300003300143440004400176650002600220650001200246650002900258650002300287942001200310999001900322952008200341190412s9999 xx 000 0 und d aSriya Anbil aManaging stigma during a financial crisis / cSriya Anbil belsevier c2018 apages 166-181, October 2018  aJournal of Financial Economicsv130 (1) aEx-post Bank Behavior aFINANCE aIdentification Strategy  aTesting for Stigma 2lcccSE c361394d361394 00102lcc40aCLbCLcPERd2019-04-27l0r2019-04-27 00:00:00w2019-04-27ySE